Trường Sơn hùng tráng

Enregistré dans:
Détails bibliographiques
Format: Livre
Langue:Undetermined
Publié: Thành phố Hồ Chí Minh Hãng phim truyền hình thành phố Hồ Chí Minh 1999
Sujets:
Tags: Ajouter un tag
Pas de tags, Soyez le premier à ajouter un tag!
Thư viện lưu trữ: Trung tâm Học liệu Trường Đại học Cần Thơ
LEADER 00818nam a2200205Ia 4500
001 CTU_138070
008 210402s9999 xx 000 0 und d
020 |c 40000 
082 |a 959.7043 
082 |b Tr561/CD.4 
245 0 |a Trường Sơn hùng tráng 
245 0 |c Hãng phim truyền hình thành phố Hồ Chí Minh ; Phạm Khắc chỉ đạo nghệ thuật 
260 |a Thành phố Hồ Chí Minh 
260 |b Hãng phim truyền hình thành phố Hồ Chí Minh 
260 |c 1999 
650 |a Vietnamese conflict, 1961-1975,War story,Memoirs,Xung đột Việt Nam, 1961-1975,Truyện chiến tranh,Ký ức 
650 |z vietnamese,Việt Nam 
904 |i Tuyến 
915 |a 900 
980 |a Trung tâm Học liệu Trường Đại học Cần Thơ